000 00187 a2200097 4500
001 7656
100 _aAhmed, S
245 _aAdabi-Dunya
260 _a
_bA Punjab
_c
090 _c6125
_d6125
942 _aNUST-CAE
_cM
_c32629
999 _c242729
_d242729